| 000 | 00934nas a2200277 4500 | ||
|---|---|---|---|
| 001 | BR8500192 | ||
| 003 | BR-BrBNA | ||
| 005 | 20231205090051.0 | ||
| 007 | ta | ||
| 008 | 230509b bl.|||p| |||| 00| 00por d | ||
| 040 |
_aBR-BrBNA _bpor _cBiblioteca Nacional de Agricultura |
||
| 041 | _a(Pt) | ||
| 072 | _aF22 | ||
| 100 | 1 | _aOliveira, L.B. de | |
| 100 | 1 | _aOliveira, M.R.B. de | |
| 245 | 1 | _aCaracterizacao de horizonte salico em solos do perimetro irrigado de Moxoto, Pernambuco [Brasil] | |
| 246 | 1 | _aSalic horizon characterization in soils from the irrigated area of Moxoto, Pernambuco [Brazil] | |
| 650 | _aQUIMICA DO SOLO | ||
| 650 | _aSALINIDADE | ||
| 650 | _aGENESE DO SOLO | ||
| 650 | _aHORIZONTE | ||
| 650 | _aSOLO ALUVIAL | ||
| 773 | 0 |
_tPesquisa Agropecuaria Brasileira (Brazil) _xISSN 0100-204X _g(Apr 1984), v. 19(4) p. 499-505 _wBR8500192 |
|
| 909 |
_a202311 _bLúcia _c55 _dLúcia Elande |
||
| 942 |
_2AGRIS _n0 _cANA |
||
| 999 |
_c115922 _d115922 |
||